Snooker UK Championship Winners - Statistics

General Stats
  • This quiz has been taken 26 times
  • The average score is 34 of 49
Answer Stats
Year Country Winner % Correct
2023 England Ronnie O'Sullivan
96%
2018 England Ronnie O'Sullivan
96%
2017 England Ronnie O'Sullivan
96%
2014 England Ronnie O'Sullivan
96%
2007 England Ronnie O'Sullivan
96%
2001 England Ronnie O'Sullivan
96%
1997 England Ronnie O'Sullivan
96%
1993 England Ronnie O'Sullivan
96%
2024 England Judd Trump
91%
2011 England Judd Trump
91%
2010 Scotland John Higgins
78%
2000 Scotland John Higgins
78%
1998 Scotland John Higgins
78%
2020 Australia Neil Robertson
78%
2015 Australia Neil Robertson
78%
2013 Australia Neil Robertson
78%
2002 Wales Mark Williams
74%
1999 Wales Mark Williams
74%
2008 England Shaun Murphy
74%
1996 Scotland Stephen Hendry
74%
1995 Scotland Stephen Hendry
74%
1994 Scotland Stephen Hendry
74%
1990 Scotland Stephen Hendry
74%
1989 Scotland Stephen Hendry
74%
1983 Northern Ireland Alex Higgins
70%
2025 England Mark Selby
70%
2016 England Mark Selby
70%
2012 England Mark Selby
70%
1987 England Steve Davis
65%
1986 England Steve Davis
65%
1985 England Steve Davis
65%
1984 England Steve Davis
65%
1981 England Steve Davis
65%
1980 England Steve Davis
65%
2019 China Ding Junhui
61%
2009 China Ding Junhui
61%
2005 China Ding Junhui
61%
2021 China Zhao Xintong
61%
2022 Northern Ireland Mark Allen
57%
2006 England Peter Ebdon
57%
1992 England Jimmy White
48%
1991 England John Parrott
48%
1982 Wales Terry Griffiths
48%
2003 Wales Matthew Stevens
43%
1988 Wales Doug Mountjoy
39%
1978 Wales Doug Mountjoy
39%
2004 Scotland Stephen Maguire
39%
1979 England John Virgo
35%
1977 Ireland Patsy Fagan
30%
No matching quizzes found
Score Distribution
Percent of People with Each Score
Percentile by Number Answered
Your Score History
You have not taken this quiz